000 00956nam a2200181Ia 4500
008 151202s9999||||xx |||||||||||||| ||und||
082 _bPNVM-122850
100 _aपेंडसे शंकर दामोदर
245 _aपौराणिक भागवतधर्म(उत्कर्षापकर्षाचा इतिहास) आवृत्ति 1.
260 _b"व्हीनस प्रकाशन,पुणे."
260 _c1967
300 _a524
600 _aपेंडसे शंकर दामोदर
630 _aपौराणिक भागवतधर्म(उत्कर्षापकर्षाचा इतिहास) आवृत्ति 1.
700 _aपेंडसे शंकर दामोदर
730 _aपौराणिक भागवतधर्म(उत्कर्षापकर्षाचा इतिहास) आवृत्ति 1.
942 _cBOOK
999 _c1352979
_d1352976